书目信息 |
| 题名: |
交直流传动技术实训教程
|
|
| 作者: | 崔桂梅 , 王洪希 , 张兴华 编著 | |
| 分册: | ||
| 出版信息: | 北京 科学出版社 2005.03 |
|
| 页数: | 198页 | |
| 开本: | 24cm | |
| 丛书名: | ||
| 单 册: | ||
| 中图分类: | TM921 | |
| 科图分类: | ||
| 主题词: | 交直流电传动--jiao zhi liu dian chuan dong--教材 | |
| 电子资源: | ||
| ISBN: | 7-03-014691-3 | |
| 000 | 01044nam0 2200253 450 | |
| 001 | 012006715900 | |
| 005 | 20060918105001.94 | |
| 010 | @a7-03-014691-3@dCNY19.00 | |
| 100 | @a20060717d2005 km y0chiy0120 ea | |
| 101 | 0 | @achi |
| 102 | @aCN@b110000 | |
| 105 | @aa a 000yy | |
| 200 | 1 | @a交直流传动技术实训教程@Ajiao zhi liu chuan dong ji shu shi xun jiao cheng@f张兴华, 崔桂梅, 王洪希编著@Fzhang xing hua,cui gui mei,wang hong xi bian zhu |
| 210 | @a北京@c科学出版社@d2005.03 | |
| 215 | @a198页@c图@d24cm | |
| 320 | @a有书目。 | |
| 330 | @a本书主要是介绍交直流传动的实用控制技术,主要包括:直流电动机传动控制,数字调速器E590的实用与调试等;交流电动机变频调速控制;交流电动机调压调速控制,电动机软起动器的基本原理、使用与调试等;交流电动机串级调速控制。 | |
| 606 | 0 | @a交直流电传动@Ajiao zhi liu dian chuan dong@j教材 |
| 690 | @aTM921@v4 | |
| 701 | 0 | @a崔桂梅@Acui gui mei@4编著 |
| 701 | 0 | @a王洪希@Awang hong xi@4编著 |
| 701 | 0 | @a张兴华@Azhang xing hua@4编著 |
| 801 | 0 | @aCN@bpdsgxy@c20060918 |
| 905 | @a10447@dTM921@eZ212 | |
| 交直流传动技术实训教程/张兴华, 崔桂梅, 王洪希编著.-北京:科学出版社,2005.03 |
| 198页:图;24cm |
| ISBN 7-03-014691-3:CNY19.00 |
| 本书主要是介绍交直流传动的实用控制技术,主要包括:直流电动机传动控制,数字调速器E590的实用与调试等;交流电动机变频调速控制;交流电动机调压调速控制,电动机软起动器的基本原理、使用与调试等;交流电动机串级调速控制。 |
| ● |
| 相关链接 |
|
|
|
正题名:交直流传动技术实训教程
索取号:TM921/Z212
 
预约/预借
| 序号 | 登录号 | 条形码 | 馆藏地/架位号 | 状态 | 备注 |
| 1 | 595835 | 205958356 | 自科库301/301自科库 20排4列3层/ [索取号:TM921/Z212] | 在馆 | |
| 2 | 595836 | 205958365 | 自科二线404/404自科库 9排6列4层/ [索取号:TM921/Z212] | 在馆 | |
| 3 | 595837 | 205958374 | 自科库301/301自科库 20排4列3层/ [索取号:TM921/Z212] | 在馆 |